Normal view
MARC view
Entry Personal Name
001 - CONTROL NUMBER
- control field: 18852
003 - CONTROL NUMBER IDENTIFIER
- control field: OSt
005 - DATE AND TIME OF LATEST TRANSACTION
- control field: 20240718152220.0
008 - FIXED-LENGTH DATA ELEMENTS
- fixed length control field: 240718|| aca||aabn | a|a d
040 ## - CATALOGING SOURCE
- Original cataloging agency: OSt
- Transcribing agency: OSt
100 ## - HEADING--PERSONAL NAME
- Personal name: Edired by Larry Crump and S.Javed Maswood
670 ## - SOURCE DATA FOUND
- Source citation: Work cat.: (OSt)9240: Edired by Larry Crump and S.Javed Maswood , Developing Countries and Global Trade Negotiations/, 2007.
